[Event "CRO-chT2 East"]
[Site "Croatia"]
[Date "2014.05.10"]
[Round "4.36"]
[White "Lukic, Milutin"]
[Black "Grguric, Zeljko"]
[Result "0-1"]
[WhiteElo "2029"]
[BlackElo "2099"]
[PlyCount "121"]
[EventDate "2014.04.26"]
[EventType "team-tourn"]
[EventRounds "11"]
[EventCountry "CRO"]
[SourceTitle "EXT 2019"]
[Source "ChessBase"]
[SourceDate "2018.10.10"]
[SourceVersion "1"]
[SourceVersionDate "2018.10.10"]
[SourceQuality "1"]

1. d4 f5 2. Nc3 Nf6 3. Bg5 d5 4. Bxf6 exf6 5. e3 c6 6. Bd3 Bd6 7. Qf3 g6 8. h4 h5 9. Nge2 Be6 10. Nf4 Bf7 11. 0-0-0 Nd7 12. g3 Qa5 13. a3 Bxa3 14. Nfe2 Bb4 15. Kd2 Qc7 16. Ra1 c5 17. Bb5 cxd4 18. exd4 0-0 19. Ra4 a5 20. Rxb4 axb4 21. Nxd5 Qd6 22. Ndf4 Nc5 23. Rd1 b3 24. c3 Ra2 25. Rb1 Ne4+ 26. Ke1 Rfa8 27. Bd3 Re8 28. Kd1 Kg7 29. Nc1 Qc6 30. Bxe4 Rxe4 31. Qd3 Bc4 32. Qd2 Ra5 33. f3 Re8 34. Qf2 g5 35. Nfd3 Qe6 36. Kd2 Rd5 37. Ra1 Re7 38. hxg5 fxg5 39. f4 Qe4 40. Ra3 Rd8 41. Ra4 b5 42. Ra1 b4 43. Nxb4 gxf4 44. gxf4 Kh6 45. Ncd3 Rg8 46. Rd1 Qg2 47. Rf1 Qxf2+ 48. Rxf2 Reg7 49. Ne5 Rg2 50. Rxg2 Rxg2+ 51. Ke3 Bg8 52. Nbd3 h4 53. c4 h3 54. Kf3 Rc2 55. Nf2 h2 56. Nh1 Rxb2 57. d5 Rc2 58. d6 b2 59. d7 b1Q 60. d8Q Qxh1+ 61. Kg3 0-1

[Event "CRO-chT2 East"]
[Site "Croatia"]
[Date "2014.04.26"]
[Round "2.46"]
[White "Zubak, Zeljko"]
[Black "Grguric, Zeljko"]
[Result "1/2-1/2"]
[WhiteElo "2007"]
[BlackElo "2099"]
[PlyCount "60"]
[EventDate "2014.04.26"]
[EventType "team-tourn"]
[EventRounds "11"]
[EventCountry "CRO"]
[SourceTitle "EXT 2019"]
[Source "ChessBase"]
[SourceDate "2018.10.10"]
[SourceVersion "1"]
[SourceVersionDate "2018.10.10"]
[SourceQuality "1"]

1. d4 f5 2. c4 Nf6 3. Nc3 e6 4. Nf3 Be7 5. g3 d6 6. Bg2 0-0 7. 0-0 c6 8. Qc2 d5 9. b3 h6 10. Rd1 Bd7 11. Ne5 Be8 12. a4 Ne4 13. Ba3 Bxa3 14. Rxa3 Qe7 15. Raa1 Nd7 16. Nxd7 Bxd7 17. e3 a5 18. f3 Nxc3 19. Qxc3 Qb4 20. Qxb4 axb4 21. c5 Ra5 22. Bf1 e5 23. f4 e4 24. Kf2 g6 25. Be2 h5 26. h4 Kg7 27. Rdc1 Kf6 28. Bf1 Rfa8 29. Be2 Rf8 30. Bf1 Rfa8 1/2-1/2

[Event "Bosnjaci op 13th"]
[Site "Bosnjaci"]
[Date "2008.01.07"]
[Round "7"]
[White "Grguric, Zeljko"]
[Black "Stocko, Josip"]
[Result "1-0"]
[WhiteElo "2192"]
[BlackElo "2016"]
[PlyCount "67"]
[EventDate "2008.01.03"]
[EventType "swiss"]
[EventRounds "9"]
[EventCountry "CRO"]
[SourceTitle "CBM 122 Extra"]
[Source "ChessBase"]
[SourceDate "2008.03.04"]
[SourceVersion "1"]
[SourceVersionDate "2008.03.04"]
[SourceQuality "1"]

1. d4 d5 2. Nf3 Nf6 3. Bg5 e6 4. c3 c5 5. e3 Be7 6. Nbd2 Nc6 7. Bd3 Qb6 8. Rb1 0-0 9. 0-0 Nd7 10. Bxe7 Nxe7 11. dxc5 Nxc5 12. Bc2 f5 13. Ne5 Nc6 14. Ndf3 Qc7 15. Nxc6 bxc6 16. Qd4 Nd7 17. Ng5 e5 18. Qh4 Nf6 19. Rfd1 e4 20. Bb3 h6 21. Nh3 Ng4 22. Qg3 Ne5 23. Nf4 Rf6 24. Rxd5 Kh7 25. Rc5 Qd6 26. Ra5 Qc7 27. Ra4 g5 28. h4 Bd7 29. hxg5 hxg5 30. Qxg5 Rh6 31. Qe7+ Kh8 32. Bf7 Rd8 33. Rxa7 Qb6 34. Qxe5+ 1-0

[Event "Bizovac Metalis op 11th"]
[Site "Bizovac"]
[Date "2004.02.26"]
[Round "2"]
[White "Grguric, Zeljko"]
[Black "Kuljasevic, Davorin"]
[Result "0-1"]
[WhiteElo "2167"]
[BlackElo "2413"]
[PlyCount "58"]
[EventDate "2004.02.26"]
[EventType "swiss"]
[EventRounds "7"]
[EventCountry "CRO"]
[SourceTitle "CBM 098 Extra"]
[Source "ChessBase"]
[SourceDate "2004.03.10"]
[SourceVersion "2"]
[SourceVersionDate "2004.03.10"]
[SourceQuality "1"]

1. e4 c5 2. Nc3 Nc6 3. g3 g6 4. Bg2 Bg7 5. Nge2 e6 6. d3 Nge7 7. Be3 Nd4 8. Qd2 d6 9. 0-0 0-0 10. Nd1 Bd7 11. Nxd4 cxd4 12. Bh6 Nc6 13. Bxg7 Kxg7 14. c4 a5 15. f4 f5 16. Nf2 Qb6 17. Kh1 Rae8 18. a3 a4 19. Bf3 Na5 20. Qb4 Qxb4 21. axb4 Nb3 22. Rad1 b5 23. e5 dxe5 24. fxe5 Rc8 25. c5 g5 26. g4 fxg4 27. Nxg4 Rxf3 28. Rxf3 Bc6 29. Kg2 Rf8 0-1

[Event "Bizovac Metalis op 10th"]
[Site "Bizovac"]
[Date "2003.02.27"]
[Round "2"]
[White "Grguric, Zeljko"]
[Black "Zelcic, Robert"]
[Result "0-1"]
[WhiteElo "2207"]
[BlackElo "2576"]
[PlyCount "42"]
[EventDate "2003.02.26"]
[EventType "swiss"]
[EventRounds "9"]
[EventCountry "CRO"]
[SourceTitle "CBM 092 Extra"]
[Source "ChessBase"]
[SourceDate "2003.03.07"]
[SourceVersion "1"]
[SourceVersionDate "2003.03.07"]
[SourceQuality "1"]

1. d4 Nf6 2. c4 e6 3. Nc3 Bb4 4. e3 b6 5. Bd3 Bb7 6. Nf3 c5 7. 0-0 cxd4 8. exd4 0-0 9. a3 Bxc3 10. bxc3 d5 11. cxd5 Qxd5 12. c4 Qh5 13. Bb2 Nbd7 14. Re1 Rfd8 15. h3 Rac8 16. Re3 b5 17. d5 bxc4 18. dxe6 fxe6 19. Be2 Qg6 20. Qd4 Nb6 21. Qh4 Rd2 0-1

[Event "Bizovac Metalis op 08th"]
[Site "Bizovac"]
[Date "2001.02.22"]
[Round "2"]
[White "Grguric, Zeljko"]
[Black "Cvitan, Ognjen"]
[Result "1/2-1/2"]
[WhiteElo "2237"]
[BlackElo "2542"]
[PlyCount "71"]
[EventDate "2001.02.22"]
[EventType "swiss"]
[EventRounds "7"]
[EventCountry "CRO"]
[SourceTitle "CBM 080 Extra"]
[Source "ChessBase"]
[SourceDate "2001.03.08"]
[SourceVersion "1"]
[SourceVersionDate "2001.03.08"]
[SourceQuality "1"]

1. Nc3 c5 2. g3 Nc6 3. f4 g6 4. Bg2 Bg7 5. e4 d6 6. Nh3 e6 7. 0-0 Nge7 8. Ne2 0-0 9. c3 f5 10. d3 Qd7 11. Be3 b6 12. Nf2 Bb7 13. h4 Rae8 14. Qa4 e5 15. Rad1 Rd8 16. Kh2 Kh8 17. a3 d5 18. fxe5 Nxe5 19. Qxd7 Rxd7 20. Nf4 dxe4 21. dxe4 Rfd8 22. Rxd7 Rxd7 23. exf5 Nxf5 24. Bc1 Bxg2 25. Kxg2 Kg8 26. Ne6 Nc4 27. Kh3 h5 28. Nf4 Ne5 29. Ne4 Nd6 30. Ng5 Ndf7 31. Nfe6 Nd3 32. Nxg7 Kxg7 33. Ne6+ Kg8 34. b3 Re7 35. Nf4 Nxc1 36. Nxg6 1/2-1/2